Prevention of Structural Failures : (Record no. 6497)

MARC details
000 -LEADER
fixed length control field 01514nac a22002651u 4500
008 - FIXED-LENGTH DATA ELEMENTS--GENERAL INFORMATION
fixed length control field 100913t xxu||||| |||| 00| 0 eng d
010 ## - LIBRARY OF CONGRESS CONTROL NUMBER
LC control number 78015388
020 ## - INTERNATIONAL STANDARD BOOK NUMBER
International Standard Book Number 0871700069
082 00 - DEWEY DECIMAL CLASSIFICATION NUMBER
Classification number 624.171
Item number PRE
100 ## - MAIN ENTRY--PERSONAL NAME
Personal name 20080729
9 (RLIN) 18895
245 00 - TITLE STATEMENT
Title Prevention of Structural Failures :
Remainder of title The Role of NDT, Fracture Mechanics, and Failure Analysis : Proceedings of Two Annual Forums, 19-22 June 1977, and 14-16 June 1976, Tarpon Springs, Florida /
Statement of responsibility, etc co-sponsored by Materials Testing and Quality Control Division, American Society for Metals, and Technical Council, American Society for Nondestructive Testing.
260 ## - PUBLICATION, DISTRIBUTION, ETC. (IMPRINT)
Place of publication, distribution, etc Metals Park, Ohio :
Name of publisher, distributor, etc American Society for Metals,1978
Date of publication, distribution, etc c1978.
300 ## - PHYSICAL DESCRIPTION
Extent xii, 346 p. :
Other physical details ill. ;
Dimensions 24 cm.
490 ## - Series Statement
-- 18894
Series statement Materials/metalworking technology series
504 ## - BIBLIOGRAPHY, ETC. NOTE
Bibliography, etc Includes bibliographical references.
511 ## - PARTICIPANT OR PERFORMER NOTE
Participant or performer note catalogued by: wessam
650 #0 - SUBJECT ADDED ENTRY--TOPICAL TERM
Topical term or geographic name as entry element Structural stability
Form subdivision Congresses.
9 (RLIN) 18896
650 #0 - SUBJECT ADDED ENTRY--TOPICAL TERM
Topical term or geographic name as entry element Nondestructive testing
Form subdivision Congresses.
9 (RLIN) 18897
650 #0 - SUBJECT ADDED ENTRY--TOPICAL TERM
Topical term or geographic name as entry element Fracture mechanics
Form subdivision Congresses.
9 (RLIN) 18898
650 #0 - SUBJECT ADDED ENTRY--TOPICAL TERM
Topical term or geographic name as entry element Structural failures
Form subdivision Congresses.
9 (RLIN) 18899
710 2# - ADDED ENTRY--CORPORATE NAME
Corporate name or jurisdiction name as entry element American Society for Metals.
Subordinate unit Materials Testing and Quality Control Division.
9 (RLIN) 18900
710 2# - ADDED ENTRY--CORPORATE NAME
Corporate name or jurisdiction name as entry element American Society for Nondestructive Testing.
Subordinate unit Technical Council.
9 (RLIN) 18901
942 ## - ADDED ENTRY ELEMENTS (KOHA)
Item type Book - Borrowing
Call number prefix 624.171PRE
Source of classification or shelving scheme Dewey Decimal Classification
Holdings
Withdrawn status Item status Source of classification or shelving scheme Damaged status Not for loan Vendor Home library Current library Shelving location Date acquired Source of acquisition Total Checkouts Full call number Barcode Date last seen Koha item type
    Dewey Decimal Classification       Central Library Central Library First floor 13/09/2010     624.171 PRE 000007340 15/07/2025 Book - Borrowing